000 00600nam a2200169 i 4500
001 82763
003 ES-MaACL
005 20230906174728.0
007 t|
008 041111s1950 sp ||||1| spa d
100 1 _aInsolera, Filadelfo.
_965343
245 1 0 _aCurso de matemática financiera y actuarial /
_cFiladelfo Insolera ; traducción del italiano, prólogo y notas por Luis Martínez Velasco.
260 _aMadrid :
_bAguilar,
_c[1950] (
_fNuevas Gráficas)
300 _aXXVII, 484 p. :
_bil. ;
_c22 cm.
700 0 _aMartínez de Velasco, Luis.
_978040
852 _aES-MaACL
_jD-7433
_bR.30467
999 _c82763
_d82763